| 000 | 00498cam a2200193ua 4500 | ||
|---|---|---|---|
| 020 | _c70.00 | ||
| 041 |
_aeng _h |
||
| 082 |
_a620.1 _bMAL/TE |
||
| 100 | _aMalhotra, D.R . | ||
| 245 |
_aText book of applied mechanics and strength of materials / _cD.R.Malhotra. _hTextual Documents |
||
| 250 |
_a6 / _b. |
||
| 260 |
_aNew Delhi : _bSatya Prakshan , _c1992. |
||
| 300 | _a1031 ; . | ||
| 365 | _a70.00 | ||
| 504 | _a | ||
| 700 | 1 | _aGupta, H.C . | |
| 942 | _cBK | ||
| 999 |
_c10780 _d10780 |
||